| 000 | 00808cab a2200241 4500 | ||
|---|---|---|---|
| 001 | WB3505-08 | ||
| 008 | 090401t1999 xxu||||| |||| 00| 0 eng d | ||
| 035 | _a(Sirsi) u91104 | ||
| 041 | _aeng | ||
| 245 | _aOut-of-town shops hit | ||
| 260 | _c1999 | ||
| 350 | _a0 | ||
| 490 |
_aDaily Telegraph _v4 February 1999, 35(1) |
||
| 520 | _aA report by CB Hillier Parker shows that planning restrictions on out-of-town shopping centres have reduced the number of new developments which will halt altogether in two to three years. | ||
| 650 | _aOUT-OF-TOWN SHOPPING CENTRES | ||
| 650 | _aPLANNING POLICY | ||
| 650 | _aPLANNING RESTRICTIONS | ||
| 650 | _aRETAIL DEVELOPMENT | ||
| 650 | _aSHOPPING CENTRES | ||
| 690 | _aPROPERTY-COMMERCIAL PROPERTY-RETAIL PROPERTY | ||
| 942 | _n0 | ||
| 948 | _c04/02/1999 | ||
| 999 |
_c57810 _d57810 |
||